000 00281nam a2200109Ia 4500
008 201217s9999 xx 000 0 und d
100 _aCoad, Peter; Yourdon, Edward
245 0 _aObject - Oriented Analysis
260 _aEnglewood Cliffs
_bPrentice Hall
300 _a232
942 _cBK
999 _c7885
_d7885